|
|
|
|
| LEADER |
00695cam a2200193 7i4500 |
| 001 |
0000007853 |
| 005 |
20210107090000.0 |
| 020 |
|
|
|a 0805367748
|
| 090 |
0 |
0 |
|a QH447
|b .P36 2002
|
| 100 |
1 |
|
|a Palladino, Michael A
|
| 245 |
1 |
0 |
|a Understanding the human genome project
|c Michael A. Palladino.
|
| 260 |
|
|
|a San Francisco:
|b Benjamin Cummings,
|c 2002.
|
| 300 |
|
|
|a iii, 36 p.:
|b ill.;
|c 22 cm.
|
| 650 |
0 |
0 |
|a Medical genetics --
|x Popular works
|
| 650 |
0 |
0 |
|a Human genome --
|x Popular works
|
| 650 |
0 |
0 |
|a Human genome project --
|x Popular works
|
| 997 |
|
|
|a Health Sciences, Faculty
|
| 999 |
|
|
|a 0000012283
|b BOK
|c OPEN SHELF
|e 1st Floor, Shah Alam
|
| 999 |
|
|
|a 0000018811
|b BOK
|c OPEN SHELF
|e 1st Floor, Shah Alam
|